000 00832cam a2200205 4500
001 WB3603-01
008 000000n2000 000 0 eng u
035 _a(Sirsi) u103709
245 _aCouncils face bill for fire-risk blocks
260 _c2000
490 _aBuilding
_v265(8119) 14 January 2000, 9(1)
520 _aThe DETR select committee has recommended that the DETR and the Housing Corporation order local authorities and housing associations to inspect buildings to ensure that cladding materials provide adequate protection form fire following an investigation into a blaze last year.
590 _aWB
650 _aDETR
650 _aHOUSING CORPORATION
650 _aCLADDING
650 _aMANAGEMENT-HEALTH AND SAFETY-FIRE SAFETY
690 _aBUILDING AND CONSTRUCTION-REPAIRS AND MAINTENANCE
942 _n0
999 _c62281
_d62281